000
00187 a2200097 4500
020
_a
9788420428192
041
_a
spa
100
_a
Saramago jose
245
_a
Casi un objeto
942
_c
BK
999
_c
10717
_d
10717